| 000 | 00641nam a2200217 i 4500 | ||
|---|---|---|---|
| 001 | bgj | ||
| 100 | 1 | _aBARTHOLOMY, David | |
| 245 | 1 | 0 |
_aSometimes You Just Have to Stand Naked : _ba guide to interesting writing / _cDavid Bartholomy. |
| 260 |
_aEnglewood Cliffs, NJ : _bPrentice Hall, Inc., _cc. 1983. |
||
| 300 |
_aXIV, 199, [6] : _bill. ; _c23 cm. |
||
| 505 | _aIncludes index. | ||
| 650 | 9 | _aCollege readers | |
| 650 | 9 |
_aEnglish language _xRhetoric |
|
| 650 | 9 | _aReport writing | |
| 020 | _a0138225931 | ||
| 040 | _cBPK | ||
| 041 | 0 | _aeng | |
| 920 | _a0-13-822593-1 | ||
| 942 | _cKS | ||
| 008 | s uk f |000 0 eng | ||
| 999 |
_c47810 _d47810 |
||
| 856 |
_uhttp://koha.tu.koszalin.pl/cgi-bin/koha/opac-detail.pl?biblionumber=47810 _yKatalog online BPK |
||